000 00591nam a2200193Ia 4500
008 151121s9999||||xx |||||||||||||| ||und||
082 _a811 / व्यास
082 _bHNW-78048
100 _aव्यास गोविंद
245 _aतडीपार
260 _b"ज्ञानदीप साहित्य मंडल, किनवट।"
260 _c--
300 _a58
600 _aव्यास गोविंद
630 _aतडीपार
700 _aव्यास गोविंद
730 _aतडीपार
942 _cBOOK
999 _c1259454
_d1259451